1546 1392 1940 1942 1670 1765 1892 1852 1107 1099 1052 1221 1361 1659 1151 1788 1743 1370 1667 1020 1611 1975 1299 1448 1400 1198 1531 1672 1170 1151 1302 1018 1120 1728 1700 1122 1533 1813 1925 1240 1808 1778 1858 1230 1779 1349 1322 1126 1755 1228 1601 1766 1449 1968 1839 1698 1647 1986 1924 1533 1597 1784 1249 1361 1764 1459 1941 1500 1803 1762 1676 1286 1935 1828 1487 1562 1243 1003 1255 1496 1954 1385 1180 1282 1352 1623 1504 1350 1181 1297 1539 1753 1204 1273 1119 1479 1726 1967 1749 BCNSPRNW ULIB Ver.6.0+V

เปลี่ยนเป็นภาษาไทย

Change to English
 แสดงรายละเอียดบรรณานุกรม
  กลับหน้าหลัก

Brief Record : Get Marc (ISO 2709) : E-mail record : QR code < ปิดหน้าต่าง
LEADER : 00000nam 2200000uu 4500
001    13399111096
003     ULIB
008    110616s2553||||th 000 0 tha d
060  0 QZ4^bพ218 2553
245 00 พยาธิวิทยาทั่วไป =^bGeneral pathology /^cบรรณาธิการ เยาวลักษณ์ ฉ่ำกระมล,วิบูลย์ชัย ยุทธนวิบูลย์ชัย
246 0  General pathology
250    พิมพ์ครั้งที่2
260    ขอนแก่น:^bภาควิชาพยาธิวิทยา คณะแพทย์ศาสตร์ มหาวิทยาลัยขอนแก่น,^c2553
300    541 หน้า
650  7 การบาดเจ็บและการตายของเซลล์
650  7 เนื้องอก
650  7 พยาธิวิทยา
650  7 โรคติดเชื้อ
650  7 โรคทางโภชนาการ
650  7 โรคพันธุกรรม
700 0  เยาวลักษณ์ ฉ่ำกระมล,^eบรรณาธิการ
700 0  วิบูลย์ชัย ยุทธนวิบูลย์ชัย,^eบรรณาธิการ
710 1  มหาวิทยาลัยขอนแก่น. ^bคณะแพทยศาสตร์.^bภาควิชาพยาธิวิทยา
945    ^p0^l0^i16974
945    ^p0^l0^i16975
945    ^p0^l0^i17921
945    ^p0^l0^i17920
995    กัณชพร
999    ^aใช้งานได้ทุกระบบ
รายการนี้ยังไม่มีแท็ก
คุณยังไม่ได้ล็อกอิน คุณสามารถมีกิจกรรมร่วมกับเว็บไซต์ได้ แต่ต้องล็อกอินก่อน ::
  ล็อกอิน

รายการสื่อสารสนเทศ

ลำดับที่ ประเภท เลขเรียก/บาร์โค้ด สถานที่ สถานะ
- ไม่พบข้อมูล -

รายการใกล้เคียง
    หัวเรื่อง [การบาดเจ็บและการตายของเซลล์]
    หัวเรื่อง [เนื้องอก]
    หัวเรื่อง [พยาธิวิทยา]
    หัวเรื่อง [โรคติดเชื้อ]
    หัวเรื่อง [โรคทางโภชนาการ]
    หัวเรื่อง [โรคพันธุกรรม]

BibComment


ยังไม่เคยถูกคอมเมนท์

คอมเมนท์ทรัพยากรรายการนี้
  คอมเมนท์: พยาธิวิทยาทั่วไป ..


 Copyright 2026. Bcnsprnw @Library